Genshin Impact Characters - Statistics

General Stats
  • This quiz has been taken 172 times
    105 since last reset
  • The average score is 79 of 89
Answer Stats
Picture Answer % Correct
Amber
100%
Albedo
98%
Alhaitham
96%
Aloy
96%
Bennett
96%
Barbara
95%
Arataki Itto
94%
Arlecchino
94%
Baizhu
93%
Beidou
93%
Diluc
93%
Xiao
93%
Candace
91%
Ganyu
91%
Kaeya
91%
Klee
91%
Lisa
91%
Mona
91%
Ningguang
91%
Noelle
91%
Qiqi
91%
Raiden Shogun
91%
Thoma
91%
Ayaka
90%
Chiori
90%
Chongyun
90%
Hu Tao
90%
Lumine
90%
Venti
90%
Zhongli
90%
Aether
89%
Ayato
89%
Charlotte
89%
Collei
89%
Diona
89%
Gorou
89%
Jean
89%
Kazuha
89%
Kokomi
89%
Nahida
89%
Navia
89%
Tighnari
89%
Xiangling
89%
Chevreuse
88%
Eula
88%
Fischl
88%
Freminet
88%
Furina
88%
Kinich
88%
Kujou Sara
88%
Lynette
88%
Neuvillette
88%
Razor
88%
Rosaria
88%
Sucrose
88%
Wanderer
88%
Wriothesley
88%
Yae Miko
88%
Yanfei
88%
Childe
86%
Dehya
86%
Dori
86%
Kaveh
86%
Layla
86%
Lyney
86%
Mualani
86%
Nilou
86%
Shenhe
86%
Xilonen
86%
Yoimiya
86%
Cyno
85%
Emilie
85%
Gaming
85%
Kuki Shinobu
85%
Mika
85%
Sayu
85%
Yaoyao
85%
Yelan
85%
Yun Jin
85%
Faruzan
84%
Clorinde
83%
Heizou
83%
Kirara
83%
Kachina
81%
Sethos
81%
Xianyun
81%
Xingqiu
81%
Xinyan
81%
Sigewinne
80%
No matching quizzes found
Score Distribution
Percent of People with Each Score
Percentile by Number Answered
Your Score History
You have not taken this quiz since the last reset